[Event "FIDE Womens World Cup 2021"]
[Site "Sochi"]
[Date "2021.07.15"]
[Round "2.1"]
[White "Osmak, Iulija"]
[Black "Munguntuul, Batkhuyag"]
[Result "0-1"]
[WhiteElo "2418"]
[BlackElo "2428"]
[Annotator "NA"]
[PlyCount "84"]
[EventDate "2021.07.12"]
[EventType "k.o."]
[EventCountry "RUS"]
[SourceTitle "playchess.com"]
[Source "ChessBase"]
[SourceQuality "1"]
[TimeControl "40/5400+30:1800+30"]

1. e4 {[%emt 0:00:04]} e5 {[%emt 0:00:03]} 2. Nf3 {[%emt 0:00:16]} Nc6 {[%emt 0:00:03]} 3. Bb5 {[%emt 0:00:27]} a6 {[%emt 0:00:04]} 4. Ba4 {[%emt 0:00:08]} Nf6 {[%emt 0:00:10]} 5. Nc3 {[%emt 0:00:23]} b5 {[%emt 0:03:34]} 6. Bb3 {[%emt 0:00:07]} Be7 {[%emt 0:01:20]} 7. O-O {[%emt 0:01:44]} O-O {[%emt 0:02:25]} 8. d3 {[%emt 0:03:14]} d6 {[%emt 0:00:54]} 9. a3 {[%emt 0:00:24]} h6 {[%emt 0:20:40]} 10. h3 {[%emt 0:05:32]} Re8 {[%emt 0:02:47]} 11. Be3 {[%emt 0:10:06]} Bb7 {[%emt 0:19:19]} 12. Nd5 {[%emt 0:15:51]} Nxd5 {[%emt 0:08:13]} 13. Bxd5 {[%emt 0:01:17]} Na5 {[%emt 0:05:28]} 14. Ba2 {[%emt 0:12:26]} c5 {[%emt 0:01:31]} 15. b4 {[%emt 0:00:14]} Nc6 {[%emt 0:00:16]} 16. c3 {[%emt 0:02:53]} Qd7 {[%emt 0:09:06]} 17. Nh2 {[%emt 0:14:40]} Nd8 {[%emt 0:01:27]} 18. bxc5 {[%emt 0:08:48]} dxc5 {[%emt 0:00:08]} 19. Ng4 {[%emt 0:00:09]} Bg5 {[%emt 0:06:44]} 20. Bxc5 {[%emt 0:10:46]} Qc6 {[%emt 0:08:23]} 21. Be3 {[%emt 0:01:23]} Qxc3 {[%emt 0:00:06]} 22. Qe2 {[%emt 0:03:02]} Rc8 {[%emt 0:03:23]} 23. Rfc1 {[%emt 0:04:59]} Qa5 {[%emt 0:00:10]} 24. Bxg5 {[%emt 0:00:28]} hxg5 {[%emt 0:00:03]} 25. Qe3 {[%emt 0:00:22]} Ne6 {[%emt 0:02:17]} 26. Nxe5 {[%emt 0:01:33]} Qxa3 {[%emt 0:00:40]} 27. Rxc8 {[%emt 0:01:04]} Bxc8 {[%emt 0:00:19]} 28. Nxf7 {[%emt 0:01:25]} Qb2 {[%emt 0:00:13]} 29. Rc1 {[%emt 0:00:26]} Kxf7 {[%emt 0:02:36]} 30. Rc7+ {[%emt 0:00:45]} Kg6 {[%emt 0:00:54]} 31. Bxe6 {[%emt 0:00:25]} Bxe6 {[%emt 0:00:11]} 32. Rc5 {[%emt 0:00:37]} Qa1+ {[%emt 0:00:18]} 33. Rc1 {[%emt 0:00:22]} Qf6 {[%emt 0:00:12]} 34. Rc6 {[%emt 0:00:15]} Kh7 {[%emt 0:01:17]} 35. Rxa6 {[%emt 0:00:19]} b4 {[%emt 0:00:44]} 36. d4 {[%emt 0:00:56]} Rb8 {[%emt 0:01:13]} 37. d5 b3 {[%emt 0:00:00]} 38. Qe1 {[%emt 0:01:08]} b2 {[%emt 0:00:46]} 39. Qb1 {[%emt 0:00:19]} Qc3 40. Rc6 Qa5 {[%emt 0:01:30]} 41. e5+ {[%emt 0:08:07]} Kg8 {[%emt 0:02:51]} 42. Rxe6 Qa1 0-1

[Event "FIDE Womens World Cup 2021"]
[Site "Sochi"]
[Date "2021.07.15"]
[Round "2.1"]
[White "Guichard, Pauline"]
[Black "Atalik, Ekaterina"]
[Result "1-0"]
[WhiteElo "2413"]
[BlackElo "2433"]
[Annotator "NA"]
[PlyCount "91"]
[EventDate "2021.07.12"]
[EventType "k.o."]
[EventCountry "RUS"]
[SourceTitle "playchess.com"]
[Source "ChessBase"]
[SourceQuality "1"]
[TimeControl "40/5400+30:1800+30"]

1. d4 {[%emt 0:00:03]} Nf6 {[%emt 0:00:21]} 2. c4 {[%emt 0:00:09]} e6 {[%emt 0:00:16]} 3. Nf3 {[%emt 0:00:11]} d5 {[%emt 0:00:21]} 4. Nc3 {[%emt 0:00:18]} Nbd7 {[%emt 0:00:27]} 5. Bf4 {[%emt 0:00:40]} dxc4 {[%emt 0:02:49]} 6. e3 {[%emt 0:00:56]} Nd5 {[%emt 0:01:35]} 7. Bxc4 {[%emt 0:00:42]} Nxf4 {[%emt 0:00:07]} 8. exf4 {[%emt 0:00:04]} Nf6 {[%emt 0:01:43]} 9. O-O {[%emt 0:02:58]} Be7 {[%emt 0:01:11]} 10. f5 {[%emt 0:15:16]} exf5 {[%emt 0:13:35]} 11. Qb3 {[%emt 0:02:43]} O-O {[%emt 0:04:47]} 12. Ng5 {[%emt 0:00:39]} b5 {[%emt 0:05:46]} 13. Nxb5 {[%emt 0:07:54]} Rb8 {[%emt 0:02:31]} 14. Nxf7 {[%emt 0:21:03]} Rxf7 {[%emt 0:02:51]} 15. Bxf7+ {[%emt 0:00:51]} Kf8 {[%emt 0:00:46]} 16. a4 {[%emt 0:10:16]} a6 {[%emt 0:03:23]} 17. Rfe1 {[%emt 0:06:33]} axb5 {[%emt 0:02:17]} 18. a5 {[%emt 0:00:27]} Ra8 {[%emt 0:15:38]} 19. Qf3 {[%emt 0:03:52]} Ra6 {[%emt 0:02:52]} 20. Bb3 {[%emt 0:03:30]} Bd7 {[%emt 0:05:21]} 21. Qc3 {[%emt 0:08:04]} Bd6 {[%emt 0:04:49]} 22. Ba2 {[%emt 0:01:09]} Ne4 {[%emt 0:11:01]} 23. Qb3 {[%emt 0:02:27]} Qf6 {[%emt 0:07:37]} 24. Qg8+ {[%emt 0:05:20]} Ke7 {[%emt 0:00:05]} 25. Qxh7 {[%emt 0:04:34]} Kd8 {[%emt 0:03:49]} 26. Bd5 {[%emt 0:00:59]} c6 {[%emt 0:03:30]} 27. Bxe4 {[%emt 0:00:27]} fxe4 {[%emt 0:00:04]} 28. Rxe4 {[%emt 0:01:15]} Kc7 {[%emt 0:00:20]} 29. Qg8 {[%emt 0:00:43]} Kb7 {[%emt 0:01:26]} 30. h3 {[%emt 0:00:50]} Ra8 {[%emt 0:00:22]} 31. Qb3 {[%emt 0:00:28]} Rf8 {[%emt 0:00:23]} 32. a6+ {[%emt 0:00:16]} Ka7 {[%emt 0:00:09]} 33. Qe3 {[%emt 0:00:30]} Qd8 {[%emt 0:02:27]} 34. d5+ {[%emt 0:00:47]} c5 {[%emt 0:00:45]} 35. b4 {[%emt 0:00:25]} Qb6 {[%emt 0:00:39]} 36. Re7 {[%emt 0:00:33]} Rd8 {[%emt 0:00:25]} 37. Rxg7 {[%emt 0:00:14]} cxb4 {[%emt 0:01:00]} 38. Qxb6+ {[%emt 0:00:04]} Kxb6 {[%emt 0:00:04]} 39. a7 {[%emt 0:00:06]} Bf5 {[%emt 0:01:13]} 40. Rf7 {[%emt 0:01:34]} Be4 {[%emt 0:00:53]} 41. Rd7 {[%emt 0:03:58]} Ra8 {[%emt 0:06:39]} 42. Rxd6+ {[%emt 0:00:32]} Kc5 {[%emt 0:00:19]} 43. Rc6+ {[%emt 0:12:53]} Kxd5 {[%emt 0:02:52]} 44. Rb6 {[%emt 0:00:06]} Kc5 {[%emt 0:03:14]} 45. Rb8 {[%emt 0:00:07]} b3 {[%emt 0:01:44]} 46. Ra5 {[%emt 0:00:48]} 1-0

[Event "FIDE Womens World Cup 2021"]
[Site "Sochi"]
[Date "2021.07.15"]
[Round "2.1"]
[White "Sukandar, Irine Kharisma"]
[Black "Gunina, Valentina"]
[Result "0-1"]
[WhiteElo "2413"]
[BlackElo "2437"]
[Annotator "NA"]
[PlyCount "108"]
[EventDate "2021.07.12"]
[EventType "k.o."]
[EventCountry "RUS"]
[SourceTitle "playchess.com"]
[Source "ChessBase"]
[SourceQuality "1"]
[TimeControl "40/5400+30:1800+30"]

1. e4 {[%emt 0:00:15]} c6 {[%emt 0:00:10]} 2. d4 {[%emt 0:00:14]} d5 {[%emt 0:00:17]} 3. exd5 {[%emt 0:00:15]} cxd5 {[%emt 0:00:18]} 4. Bd3 {[%emt 0:00:22]} Nf6 {[%emt 0:01:15]} 5. c3 {[%emt 0:00:28]} Bg4 {[%emt 0:01:11]} 6. Ne2 {[%emt 0:01:17]} Nc6 {[%emt 0:04:07]} 7. O-O {[%emt 0:07:22]} e6 {[%emt 0:03:21]} 8. Qe1 {[%emt 0:01:03]} Bd6 {[%emt 0:03:45]} 9. f3 {[%emt 0:13:22]} Bh5 {[%emt 0:01:23]} 10. Qh4 {[%emt 0:00:22]} Qb6 {[%emt 0:06:56]} 11. Nf4 {[%emt 0:16:54]} Bxf4 {[%emt 0:26:16]} 12. Qxf4 {[%emt 0:00:14]} Bg6 {[%emt 0:00:07]} 13. Bxg6 {[%emt 0:10:15]} hxg6 {[%emt 0:00:31]} 14. a4 {[%emt 0:01:45]} e5 {[%emt 0:02:44]} 15. Qe3 {[%emt 0:00:29]} O-O-O {[%emt 0:00:24]} 16. dxe5 {[%emt 0:03:58]} d4 {[%emt 0:00:47]} 17. a5 {[%emt 0:14:09]} Nxa5 {[%emt 0:05:20]} 18. cxd4 {[%emt 0:00:54]} Nd5 {[%emt 0:00:06]} 19. Qf2 {[%emt 0:00:46]} Nb3 {[%emt 0:00:38]} 20. Ra4 {[%emt 0:02:05]} Qc6 {[%emt 0:04:11]} 21. Nc3 {[%emt 0:14:52]} Nxc3 {[%emt 0:08:45]} 22. Ra3 {[%emt 0:00:05]} Ne2+ {[%emt 0:09:55]} 23. Qxe2 {[%emt 0:00:08]} Nxd4 {[%emt 0:00:04]} 24. Qf2 {[%emt 0:01:01]} Qb5 {[%emt 0:01:55]} 25. Re1 {[%emt 0:02:00]} a6 {[%emt 0:02:18]} 26. f4 {[%emt 0:01:31]} Kb8 {[%emt 0:01:54]} 27. Be3 {[%emt 0:00:38]} Qb4 {[%emt 0:01:01]} 28. Rc3 {[%emt 0:02:06]} Rd7 {[%emt 0:03:28]} 29. Rd1 {[%emt 0:00:55]} Rhd8 {[%emt 0:01:20]} 30. Kh1 {[%emt 0:02:29]} Nc6 {[%emt 0:02:36]} 31. Rxd7 {[%emt 0:00:18]} Rxd7 {[%emt 0:00:01]} 32. Rc1 {[%emt 0:00:10]} Qb3 {[%emt 0:01:30]} 33. h3 {[%emt 0:01:42]} Rd3 {[%emt 0:00:13]} 34. Bc5 {[%emt 0:00:20]} Qd5 {[%emt 0:00:22]} 35. Bd6+ {[%emt 0:01:28]} Ka8 {[%emt 0:00:21]} 36. Qh4 {[%emt 0:00:54]} Rd2 {[%emt 0:03:13]} 37. Qg5 {[%emt 0:00:30]} Ka7 {[%emt 0:03:35]} 38. Bc5+ {[%emt 0:00:09]} b6 {[%emt 0:01:02]} 39. Ba3 {[%emt 0:00:17]} a5 {[%emt 0:00:30]} 40. Kh2 {[%emt 0:01:52]} Ka6 {[%emt 0:00:14]} 41. Qg4 {[%emt 0:07:58]} Nd4 {[%emt 0:06:40]} 42. Rc3 {[%emt 0:01:40]} Nf5 {[%emt 0:01:05]} 43. Qf3 {[%emt 0:02:51]} Qxf3 {[%emt 0:00:45]} 44. Rxf3 {[%emt 0:00:01]} b5 {[%emt 0:00:41]} 45. b4 {[%emt 0:04:34]} a4 {[%emt 0:00:15]} 46. Kg1 {[%emt 0:00:51]} Nd4 {[%emt 0:00:26]} 47. Rf2 {[%emt 0:00:31]} Rd3 {[%emt 0:04:54]} 48. Bb2 {[%emt 0:00:39]} Ne6 {[%emt 0:00:45]} 49. f5 {[%emt 0:00:33]} gxf5 {[%emt 0:00:06]} 50. Rxf5 {[%emt 0:00:05]} Rb3 {[%emt 0:00:19]} 51. Bc1 {[%emt 0:01:12]} Rxb4 {[%emt 0:00:11]} 52. Rxf7 {[%emt 0:00:14]} Rb1 {[%emt 0:00:18]} 53. Rf1 {[%emt 0:00:08]} b4 {[%emt 0:00:04]} 54. Rd1 {[%emt 0:00:20]} a3 {[%emt 0:00:16]} 0-1

[Event "FIDE Womens World Cup 2021"]
[Site "Sochi"]
[Date "2021.07.15"]
[Round "2.1"]
[White "Danielian, Elina"]
[Black "Bulmaga, Irina"]
[Result "1-0"]
[WhiteElo "2407"]
[BlackElo "2413"]
[Annotator "NA"]
[PlyCount "87"]
[EventDate "2021.07.12"]
[EventType "k.o."]
[EventCountry "RUS"]
[SourceTitle "playchess.com"]
[Source "ChessBase"]
[SourceQuality "1"]
[TimeControl "40/5400+30:1800+30"]

1. d4 {[%emt 0:00:04]} Nf6 {[%emt 0:00:07]} 2. c4 {[%emt 0:00:05]} e6 {[%emt 0:00:07]} 3. Nc3 {[%emt 0:00:29]} d5 {[%emt 0:00:09]} 4. Nf3 {[%emt 0:00:18]} Be7 {[%emt 0:00:07]} 5. e3 {[%emt 0:02:12]} O-O {[%emt 0:00:44]} 6. Bd3 {[%emt 0:01:16]} dxc4 {[%emt 0:05:36]} 7. Bxc4 {[%emt 0:00:05]} a6 {[%emt 0:00:27]} 8. Bd3 {[%emt 0:01:35]} c5 {[%emt 0:03:06]} 9. O-O {[%emt 0:01:41]} Nc6 {[%emt 0:00:51]} 10. a3 {[%emt 0:08:47]} cxd4 {[%emt 0:09:06]} 11. exd4 {[%emt 0:00:05]} b5 {[%emt 0:04:33]} 12. Bc2 {[%emt 0:04:29]} Bb7 {[%emt 0:02:27]} 13. Qd3 {[%emt 0:03:53]} g6 {[%emt 0:05:48]} 14. Bh6 {[%emt 0:02:32]} Re8 {[%emt 0:00:42]} 15. Rfe1 {[%emt 0:03:57]} Rc8 {[%emt 0:06:28]} 16. Rac1 {[%emt 0:24:15]} Rc7 {[%emt 0:13:55]} 17. Bb1 {[%emt 0:05:55]} Rd7 {[%emt 0:06:36]} 18. Rcd1 {[%emt 0:01:15]} b4 {[%emt 0:06:28]} 19. Ne2 {[%emt 0:05:38]} bxa3 {[%emt 0:05:25]} 20. bxa3 {[%emt 0:00:04]} Qa5 {[%emt 0:02:19]} 21. Bg5 {[%emt 0:18:07]} Red8 {[%emt 0:11:55]} 22. Qb3 {[%emt 0:04:23]} Nd5 {[%emt 0:05:47]} 23. h4 {[%emt 0:03:04]} Qb5 {[%emt 0:03:40]} 24. Qa2 {[%emt 0:01:15]} Bxg5 {[%emt 0:01:35]} 25. hxg5 {[%emt 0:00:09]} Qa5 {[%emt 0:01:25]} 26. Be4 {[%emt 0:01:12]} Nde7 {[%emt 0:01:03]} 27. Ng3 {[%emt 0:02:50]} Ba8 {[%emt 0:01:44]} 28. Qa1 {[%emt 0:02:45]} Nf5 {[%emt 0:01:19]} 29. Bxf5 {[%emt 0:01:10]} exf5 {[%emt 0:00:16]} 30. Ne2 {[%emt 0:00:47]} Re7 {[%emt 0:00:56]} 31. Nf4 {[%emt 0:00:24]} Re4 {[%emt 0:00:06]} 32. d5 {[%emt 0:00:45]} Rxf4 {[%emt 0:00:54]} 33. dxc6 {[%emt 0:00:03]} Re4 {[%emt 0:00:45]} 34. Qf6 {[%emt 0:00:49]} Rde8 {[%emt 0:00:29]} 35. Rxe4 {[%emt 0:00:37]} fxe4 {[%emt 0:00:02]} 36. Rd7 {[%emt 0:00:34]} Rf8 {[%emt 0:00:39]} 37. Ne5 {[%emt 0:00:37]} e3 {[%emt 0:00:40]} 38. Ng4 {[%emt 0:00:40]} exf2+ {[%emt 0:00:21]} 39. Kxf2 {[%emt 0:00:32]} Qf5+ {[%emt 0:00:46]} 40. Kg3 {[%emt 0:00:35]} Qxf6 {[%emt 0:00:30]} 41. Nxf6+ {[%emt 0:30:02]} Kg7 {[%emt 0:00:40]} 42. c7 {[%emt 0:00:00]} Bb7 {[%emt 0:06:16]} 43. Rd8 {[%emt 0:00:00]} a5 {[%emt 0:00:43]} 44. Nxh7 {[%emt 0:00:00]} 1-0

[Event "FIDE Womens World Cup 2021"]
[Site "Sochi"]
[Date "2021.07.15"]
[Round "2.1"]
[White "Unuk, Laura"]
[Black "Mammadzada, Gunay"]
[Result "1/2-1/2"]
[WhiteElo "2407"]
[BlackElo "2460"]
[Annotator "ChessBase"]
[PlyCount "62"]
[EventDate "2021.07.12"]
[EventType "k.o."]
[EventCountry "RUS"]
[SourceTitle "playchess.com"]
[Source "ChessBase"]
[SourceQuality "1"]
[TimeControl "40/5400+30:1800+30"]

1. d4 {[%emt 0:00:12]} d5 {[%emt 0:02:46]} 2. c4 {[%emt 0:00:23]} c6 {[%emt 0:00:13]} 3. cxd5 {[%emt 0:00:50]} cxd5 {[%emt 0:00:04]} 4. Nc3 {[%emt 0:00:07]} Nc6 {[%emt 0:01:41]} 5. Bf4 {[%emt 0:00:37]} Nf6 {[%emt 0:00:24]} 6. e3 {[%emt 0:00:43]} Bg4 {[%emt 0:01:38]} 7. Qb3 {[%emt 0:00:48]} Na5 {[%emt 0:00:54]} 8. Qa4+ {[%emt 0:00:48]} Bd7 {[%emt 0:00:11]} 9. Qd1 {[%emt 0:00:15]} e6 {[%emt 0:02:27]} 10. Bd3 {[%emt 0:04:49]} Rc8 {[%emt 0:01:44]} 11. Nf3 {[%emt 0:00:59]} Nc4 {[%emt 0:02:14]} 12. Qe2 {[%emt 0:04:54]} Bb4 {[%emt 0:01:32]} 13. Rc1 {[%emt 0:00:33]} Ne4 {[%emt 0:06:00]} 14. O-O {[%emt 0:01:27]} Bxc3 {[%emt 0:06:48]} 15. Bxe4 {[%emt 0:01:13]} dxe4 {[%emt 0:24:53]} 16. Ng5 {[%emt 0:00:46]} Ba5 {[%emt 0:10:59]} 17. Rxc4 {[%emt 0:30:39]} Rxc4 {[%emt 0:00:35]} 18. Qxc4 {[%emt 0:00:22]} Bc6 {[%emt 0:01:03]} 19. Qc5 {[%emt 0:20:38]} h6 {[%emt 0:04:01]} 20. Nh3 {[%emt 0:00:54]} Bb6 {[%emt 0:01:02]} 21. Qa3 {[%emt 0:01:51]} a6 {[%emt 0:08:07]} 22. Rc1 {[%emt 0:01:34]} f6 {[%emt 0:01:31]} 23. Bd6 {[%emt 0:03:15]} g5 {[%emt 0:04:19]} 24. Kh1 {[%emt 0:02:46]} h5 {[%emt 0:01:04]} 25. Ng1 {[%emt 0:03:33]} h4 {[%emt 0:00:16]} 26. Qb4 {[%emt 0:06:34]} Kf7 {[%emt 0:01:52]} 27. Be7 {[%emt 0:02:27]} Ba5 {[%emt 0:09:54]} 28. Qa3 {[%emt 0:03:06]} Qc7 {[%emt 0:00:32]} 29. Bd6 {[%emt 0:00:40]} Qd8 {[%emt 0:01:36]} 30. Be7 {[%emt 0:00:41]} Qc7 {[%emt 0:04:00]} 31. Bd6 {[%emt 0:03:05]} Qd8 {[%emt 0:00:05]} 1/2-1/2

[Event "FIDE Womens World Cup 2021"]
[Site "Sochi"]
[Date "2021.07.15"]
[Round "2.1"]
[White "Socko, Monika"]
[Black "Cramling, Pia"]
[Result "1/2-1/2"]
[WhiteElo "2393"]
[BlackElo "2459"]
[Annotator "ChessBase"]
[PlyCount "74"]
[EventDate "2021.07.12"]
[EventType "k.o."]
[EventCountry "RUS"]
[SourceTitle "playchess.com"]
[Source "ChessBase"]
[SourceQuality "1"]
[TimeControl "40/5400+30:1800+30"]

1. d4 {[%emt 0:00:05]} d5 {[%emt 0:00:14]} 2. c4 {[%emt 0:00:04]} c6 {[%emt 0:00:10]} 3. Nf3 {[%emt 0:00:03]} Nf6 {[%emt 0:00:12]} 4. Nbd2 {[%emt 0:00:27]} Bf5 {[%emt 0:01:57]} 5. g3 {[%emt 0:00:07]} e6 {[%emt 0:00:59]} 6. Bg2 {[%emt 0:00:05]} h6 {[%emt 0:00:31]} 7. Ne5 {[%emt 0:05:20]} Nbd7 {[%emt 0:05:51]} 8. Nxd7 {[%emt 0:00:41]} Qxd7 {[%emt 0:00:47]} 9. O-O {[%emt 0:00:24]} Be7 {[%emt 0:01:08]} 10. b3 {[%emt 0:01:29]} O-O {[%emt 0:01:39]} 11. Bb2 {[%emt 0:00:09]} Rfd8 {[%emt 0:12:52]} 12. Rc1 {[%emt 0:08:10]} a5 {[%emt 0:04:09]} 13. a3 {[%emt 0:11:23]} b5 {[%emt 0:16:35]} 14. c5 {[%emt 0:08:06]} Qa7 {[%emt 0:03:52]} 15. Qe1 {[%emt 0:02:31]} Bg6 {[%emt 0:02:30]} 16. Kh1 {[%emt 0:03:13]} Re8 {[%emt 0:03:22]} 17. f3 {[%emt 0:06:12]} Bf8 {[%emt 0:10:11]} 18. b4 {[%emt 0:14:03]} Nd7 {[%emt 0:04:41]} 19. Qf2 {[%emt 0:05:14]} Qc7 {[%emt 0:05:00]} 20. e4 {[%emt 0:03:10]} axb4 {[%emt 0:00:49]} 21. axb4 {[%emt 0:00:43]} Ra2 {[%emt 0:00:07]} 22. Bc3 {[%emt 0:00:34]} Rea8 {[%emt 0:02:20]} 23. Qe3 {[%emt 0:04:29]} R8a3 {[%emt 0:01:31]} 24. Ra1 {[%emt 0:02:59]} Rxa1 {[%emt 0:02:19]} 25. Rxa1 {[%emt 0:00:02]} Qa7 {[%emt 0:01:41]} 26. Rxa3 {[%emt 0:01:51]} Qxa3 {[%emt 0:00:04]} 27. e5 {[%emt 0:00:27]} Nb8 {[%emt 0:03:43]} 28. Nf1 {[%emt 0:01:09]} Na6 {[%emt 0:00:14]} 29. Qe1 {[%emt 0:00:52]} Be7 {[%emt 0:01:59]} 30. Ne3 {[%emt 0:01:48]} Bg5 {[%emt 0:02:04]} 31. f4 {[%emt 0:01:34]} Be7 {[%emt 0:00:07]} 32. h3 {[%emt 0:04:06]} Bd3 {[%emt 0:00:46]} 33. Qd2 {[%emt 0:01:53]} Bb1 {[%emt 0:00:18]} 34. Kh2 {[%emt 0:01:10]} Bd8 {[%emt 0:04:19]} 35. Bf3 {[%emt 0:00:49]} Be7 {[%emt 0:00:29]} 36. Bg2 {[%emt 0:01:37]} Bd8 {[%emt 0:00:12]} 37. Bf3 {[%emt 0:00:29]} Be7 {[%emt 0:00:06]} 1/2-1/2

[Event "FIDE Womens World Cup 2021"]
[Site "Sochi"]
[Date "2021.07.15"]
[Round "2.1"]
[White "Kulkarni Bhakti"]
[Black "Pogonina, Natalija"]
[Result "1/2-1/2"]
[WhiteElo "2391"]
[BlackElo "2469"]
[Annotator "ChessBase"]
[PlyCount "80"]
[EventDate "2021.07.12"]
[EventType "k.o."]
[EventCountry "RUS"]
[SourceTitle "playchess.com"]
[Source "ChessBase"]
[SourceQuality "1"]
[TimeControl "40/5400+30:1800+30"]

1. d4 {[%emt 0:00:19]} Nf6 {[%emt 0:00:06]} 2. c4 {[%emt 0:00:30]} e6 {[%emt 0:00:05]} 3. g3 {[%emt 0:01:23]} d5 {[%emt 0:02:24]} 4. Bg2 {[%emt 0:00:46]} Bb4+ {[%emt 0:01:14]} 5. Nd2 {[%emt 0:00:28]} O-O {[%emt 0:03:28]} 6. Ngf3 {[%emt 0:01:21]} b6 {[%emt 0:00:44]} 7. O-O {[%emt 0:00:49]} Bb7 {[%emt 0:00:21]} 8. a3 {[%emt 0:01:32]} Be7 {[%emt 0:08:32]} 9. cxd5 {[%emt 0:03:16]} exd5 {[%emt 0:00:25]} 10. b4 {[%emt 0:01:04]} a5 {[%emt 0:01:10]} 11. b5 {[%emt 0:00:29]} c6 {[%emt 0:00:15]} 12. Qa4 {[%emt 0:00:44]} cxb5 {[%emt 0:15:21]} 13. Qxb5 {[%emt 0:00:04]} Ba6 {[%emt 0:00:12]} 14. Qb2 {[%emt 0:00:22]} Nc6 {[%emt 0:06:17]} 15. Re1 {[%emt 0:04:50]} b5 {[%emt 0:10:28]} 16. Ne5 {[%emt 0:06:22]} Rc8 {[%emt 0:07:35]} 17. Ndf3 {[%emt 0:28:41]} Nxe5 {[%emt 0:19:13]} 18. dxe5 {[%emt 0:24:50]} Ne4 {[%emt 0:00:11]} 19. Nd4 {[%emt 0:00:55]} b4 {[%emt 0:03:46]} 20. Nf5 {[%emt 0:07:40]} Bc4 {[%emt 0:10:20]} 21. Be3 {[%emt 0:05:51]} bxa3 {[%emt 0:04:58]} 22. Nxe7+ {[%emt 0:00:50]} Qxe7 {[%emt 0:00:03]} 23. Rxa3 {[%emt 0:01:56]} Rb8 {[%emt 0:00:23]} 24. Qa1 {[%emt 0:00:16]} Rb5 {[%emt 0:00:48]} 25. Bxe4 {[%emt 0:05:22]} dxe4 {[%emt 0:00:09]} 26. Rxa5 {[%emt 0:00:14]} Rxa5 {[%emt 0:03:51]} 27. Qxa5 {[%emt 0:00:02]} Qd7 {[%emt 0:00:55]} 28. Qb4 {[%emt 0:01:16]} Qd5 {[%emt 0:00:41]} 29. Bg5 {[%emt 0:01:47]} h6 {[%emt 0:00:30]} 30. Rc1 {[%emt 0:00:11]} Bb5 {[%emt 0:00:33]} 31. Rb1 {[%emt 0:00:48]} Bc6 {[%emt 0:00:29]} 32. Be7 {[%emt 0:00:52]} e3 {[%emt 0:00:32]} 33. f3 {[%emt 0:00:13]} Rc8 {[%emt 0:00:26]} 34. Qd6 {[%emt 0:00:49]} Qa2 {[%emt 0:00:28]} 35. Qd3 {[%emt 0:00:27]} Bxf3 {[%emt 0:00:26]} 36. exf3 {[%emt 0:00:33]} Qf2+ {[%emt 0:00:04]} 37. Kh1 {[%emt 0:00:03]} Qxf3+ {[%emt 0:00:22]} 38. Kg1 {[%emt 0:00:01]} Qf2+ {[%emt 0:00:07]} 39. Kh1 {[%emt 0:00:04]} Qf3+ {[%emt 0:01:23]} 40. Kg1 {[%emt 0:00:07]} Qf2+ {[%emt 0:00:24]} 1/2-1/2

[Event "FIDE Womens World Cup 2021"]
[Site "Sochi"]
[Date "2021.07.15"]
[Round "2.1"]
[White "Garifullina, Leya"]
[Black "Girya, Olga"]
[Result "1/2-1/2"]
[WhiteElo "2390"]
[BlackElo "2448"]
[Annotator "NA"]
[PlyCount "95"]
[EventDate "2021.07.12"]
[EventType "k.o."]
[EventCountry "RUS"]
[SourceTitle "playchess.com"]
[Source "ChessBase"]
[SourceQuality "1"]
[TimeControl "40/5400+30:1800+30"]

1. e4 {[%emt 0:00:12]} e5 {[%emt 0:00:06]} 2. Nf3 {[%emt 0:00:12]} Nc6 {[%emt 0:00:09]} 3. Bb5 {[%emt 0:00:14]} a6 {[%emt 0:00:34]} 4. Ba4 {[%emt 0:00:09]} Nf6 {[%emt 0:00:10]} 5. d3 {[%emt 0:00:51]} Bc5 {[%emt 0:00:20]} 6. Bxc6 {[%emt 0:00:16]} dxc6 {[%emt 0:00:10]} 7. Nbd2 {[%emt 0:00:17]} Be6 {[%emt 0:01:07]} 8. O-O {[%emt 0:00:32]} Nd7 {[%emt 0:01:17]} 9. b3 {[%emt 0:00:48]} Qf6 {[%emt 0:26:32]} 10. Bb2 {[%emt 0:06:19]} O-O-O {[%emt 0:02:14]} 11. Bc3 {[%emt 0:06:58]} g5 {[%emt 0:06:41]} 12. b4 {[%emt 0:03:55]} Ba7 {[%emt 0:13:53]} 13. Qb1 {[%emt 0:09:17]} g4 {[%emt 0:09:24]} 14. Nxe5 {[%emt 0:11:58]} Rhg8 {[%emt 0:00:18]} 15. Qb2 {[%emt 0:08:42]} Qg5 {[%emt 0:00:25]} 16. g3 {[%emt 0:22:20]} Nxe5 {[%emt 0:01:35]} 17. Bxe5 {[%emt 0:00:06]} Qxd2 {[%emt 0:00:44]} 18. Bf4 {[%emt 0:00:08]} Qe2 {[%emt 0:01:45]} 19. Rae1 {[%emt 0:00:58]} Qf3 {[%emt 0:11:39]} 20. Qc1 {[%emt 0:06:17]} f5 {[%emt 0:02:02]} 21. Re3 {[%emt 0:00:10]} Bxe3 {[%emt 0:00:56]} 22. fxe3 {[%emt 0:00:05]} fxe4 {[%emt 0:02:15]} 23. Rxf3 {[%emt 0:00:06]} gxf3 {[%emt 0:00:57]} 24. d4 {[%emt 0:02:43]} Bc4 {[%emt 0:01:30]} 25. Kf2 {[%emt 0:02:05]} Rd5 {[%emt 0:01:41]} 26. a3 {[%emt 0:01:33]} Rh5 {[%emt 0:01:28]} 27. Qg1 {[%emt 0:00:50]} Rg4 {[%emt 0:02:11]} 28. a4 {[%emt 0:04:36]} b6 {[%emt 0:01:44]} 29. Be5 {[%emt 0:02:45]} Kb7 {[%emt 0:01:18]} 30. a5 {[%emt 0:00:14]} bxa5 {[%emt 0:03:28]} 31. bxa5 {[%emt 0:00:06]} Kc8 {[%emt 0:00:39]} 32. h4 {[%emt 0:01:18]} Rhxh4 {[%emt 0:06:22]} 33. gxh4 {[%emt 0:00:07]} Rxg1 {[%emt 0:00:03]} 34. Kxg1 {[%emt 0:00:03]} h5 {[%emt 0:00:10]} 35. Kf2 {[%emt 0:00:06]} Kd7 {[%emt 0:00:11]} 36. Bf4 {[%emt 0:00:08]} Be2 {[%emt 0:00:45]} 37. c3 {[%emt 0:00:18]} Bc4 {[%emt 0:00:04]} 38. Bg3 {[%emt 0:00:09]} Bd3 {[%emt 0:00:13]} 39. Bf4 {[%emt 0:00:05]} c5 {[%emt 0:00:50]} 40. dxc5 {[%emt 0:00:30]} c6 {[%emt 0:00:07]} 41. Bg5 {[%emt 0:30:26]} Ke6 {[%emt 0:30:04]} 42. Bd8 {[%emt 0:00:14]} Kd5 {[%emt 0:00:03]} 43. Bb6 {[%emt 0:00:05]} Kc4 {[%emt 0:00:02]} 44. Ba7 {[%emt 0:00:08]} Kxc3 {[%emt 0:00:05]} 45. Bb6 {[%emt 0:00:04]} Bb5 {[%emt 0:00:33]} 46. Ba7 {[%emt 0:00:33]} Kb4 {[%emt 0:01:24]} 47. Bb6 {[%emt 0:00:05]} Bd3 {[%emt 0:01:27]} 48. Ke1 {[%emt 0:00:32]} 1/2-1/2